Mapa světa

Corporate Author: Ústřední správa geodézie a kartografie
Other Authors: Siropolko, Stepan
Language: Czech
Published: Praha : Ústřední správa geodézie a kartografie, 1964
Edition: 3. vyd.
Physical Description: 1 mapa na 2 listech : barev. ; 94 x 83 cm
Map
Saved in:
LEADER 01792nem a2200325 a 4500
001 000796829
003 CZ BrMZK
005 20130305125608.0
007 aj|c||||
008 051110s1964 xr |||||||a |r|0|||cze d
034 1 |a a  |b 30000000  |d W1800000  |e E1800000  |f N0900000  |g S0900000 
040 |a BOA001  |b cze  |c BOA001 
072 7 |a 913  |x Regionální geografie  |2 Konspekt  |9 7 
072 7 |a 912  |x Mapy. Atlasy. Glóby  |2 Konspekt  |9 7 
080 |a (084.3)  |2 MRF 
080 |a (084.3)32  |2 MRF 
245 0 0 |a Mapa světa  |h [kartografický dokument] /  |c odp. red. Stepan Siropolko 
250 |a 3. vyd. 
255 |a Měřítko 1:30 000 000 ;  |c (180°00´00" z.d.--180°00´00" v.d./090°00´00" s.š.--090°00´00" j.š.)  |b polykonické zobrazení CNIIGAIK, varianta 1939-1949 
260 |a Praha :  |b Ústřední správa geodézie a kartografie,  |c 1964 
300 |a 1 mapa na 2 listech :  |b barev. ;  |c 94 x 83 cm 
500 |a 5 doplň. map, vlajky států a vzálenosti měst 
505 2 0 |t Pásmové časy.  |g Měřítko 1:140 000 000 ; vyrovnávací válcové zobrazení Gallovo. 16 x 30 cm --  |t letecké spoje.  |g Měřítko 1:120 000 000 ; polykonické zobrazení CNIIGAIK, varianta 1939-1949. 17 x 34 cm --  |t Evropa.  |g Měřítko 1:15 000 000 ; polykonické zobrazení CNIIGAIK, varianta 1939-1949. 23 x 26 cm --  |t Antarktis.  |g Měřítko 1:30 000 000 ; stereografická projekce. 20 x 20 cm --  |t Vzdálenosti od Prahy.  |g Měřítko 1:200 000 000 ; azimutální ekvidistantní zobrazení v obecné poloze. 20 x 20 cm 
655 7 |a mapy Země  |7 fd185303  |2 czenas 
655 7 |a politické a správní mapy  |7 fd133032  |2 czenas 
700 1 |a Siropolko, Stepan  |7 mzk2009544249  |4 pbd 
710 2 |a Ústřední správa geodézie a kartografie  |7 kn20050506060  |4 pbl 
910 |a BOA001  |b Mpa-0467.247-64 
990 |a MP 
991 |b 201302